000 00609nam a2200193Ia 4500
003 GCL
008 140319s9999 xx 000 0 ara d
040 _aGCL /
_cGCL
082 0 4 _a813.01
_bا ا
100 1 _aابراهيم عزوز
245 1 0 _aاخر الطيور السوداء (قصص قصيرة) /
_cابراهيم عزوز
260 _a[S.N] :
_bلجنة الاعلام والدراسات المستقبلية ،
_c1983
300 _a108 ص
490 _a
650 0 4 _aالادب العربى
650 0 4 _aالقصص القصيرة
650 0 4 _aالقصة العربية
942 _2ddc
_cBK
999 _c35696
_d35696